| 000 | 00490cam a2200193ua 4500 | ||
|---|---|---|---|
| 001 | 5855 | ||
| 005 | 20260515113938.0 | ||
| 008 | 131024n ii |||gr||||Z||||||eng | ||
| 020 | _a978-81-250-3226-7 | ||
| 040 | _cMAIN | ||
| 082 | _a954 | ||
| 245 | 1 | 1 |
_aHistory of Medieval India _cBy Satish Chandra |
| 260 |
_aNew Delhi: _bOrient BlackSwan, _c2007. |
||
| 300 | _axi,391p. | ||
| 653 | _aHistory | ||
| 653 | _aHistory of Medieval India | ||
| 700 | 1 |
_aChandra,Satish, _eAuthor. |
|
| 942 | _cBK | ||
| 999 |
_c5004 _d5004 |
||